Statystyki dla 15 Największych Miast w Ameryce Południowej z Mapą

Kliknij tutaj aby rozwiązać quiz!

Ogólne statystyki

  • Ten quiz został rozwiązany 6 538 razy
  • Średni wynik to 8 z 15

Odpowiedzi na mapie

Odpowiedzi skodowane kolorowo w zielono-czerwonej skali na mapie do tego quizu, zgodnie z poniższymi procentami.
 

Statystyki odpowiedzi

LudnośćMiasto% Poprawnych
13.2 milRio de Janeiro
94%
16.4 milBuenos Aires
91%
4.00 milBrasilia
82%
9.60 milBogota
79%
10.1 milLima
79%
7.20 milSantiago
77%
22.4 milSao Paulo
77%
3.75 milCaracas
67%
4.03 milMedellin
38%
5.00 milBelo Horizonte
25%
3.60 milSalvador
22%
4.13 milPorto Alegre
21%
3.68 milFortaleza
20%
3.43 milKurytyba
20%
3.80 milRecife
19%

Rozkład punktacji

Percentyl według liczby udzielonych odpowiedzi

Procent ludzi z każdym wynikiem

Twoja historia wyników

Nie rozwiązałeś tego quizu